000
00497nam a2200181Ia 4500
008
090123s9999 xx 000 0 und d
082
_b
36720
100
_a
भावे अनंत
245
_a
लालम लाल
250
_a
1
260
_b
ग्रंथघर प्रकाशन
_c
1986
300
_a
30
600
_a
भावे अनंत
630
_a
लालम लाल
700
_a
भावे अनंत
730
_a
लालम लाल
942
_c
BOOK
999
_c
74788
_d
74788